| 000 | 00623nam a2200193Ia 4500 | ||
|---|---|---|---|
| 005 | 20250326140547.0 | ||
| 008 | 250326s9999 xx 000 0 und d | ||
| 020 | _a0-684-83835-4 | ||
| 037 | _aTextbook | ||
| 040 |
_aFMSL _beng _cFMSL |
||
| 041 |
_aeng _2eng |
||
| 084 |
_aX:8 N8 _qFMSL |
||
| 100 |
_aPasternack Bruce A _9742572 |
||
| 245 | 0 |
_aCentreless corporation: new model for transforming your organization for growth and prosperity _cPasternack Bruce A; Viscio Albert J |
|
| 260 |
_aNew York _bNew York, Simon & Schuster _c1998 |
||
| 300 | _a312p | ||
| 942 |
_cTB _hX:8 N8 |
||
| 999 |
_c1286315 _d1286315 |
||